| 000 | 00586nam a2200181 i 4500 | ||
|---|---|---|---|
| 001 | 89978 | ||
| 003 | ES-MaACL | ||
| 005 | 20230906180321.0 | ||
| 007 | t| | ||
| 008 | 050117s1967 sp ||||1| spa d | ||
| 100 | 1 |
_aLeduc, Robert. _971172 |
|
| 245 | 1 | 0 |
_aCómo lanzar un producto nuevo / _cRobert Leduc ; prólogo de Pierre Liotard-Vogt ; [traducción de Augusto Cuartas]. |
| 260 |
_aMadrid : _b[Paraninfo : _bBenzal], _c1967. |
||
| 300 |
_a171 p. ; _c22 cm. |
||
| 700 | 1 |
_aLiotard-Vogt, Pierre. _972491 |
|
| 700 | 1 |
_aCuartas, Augusto. _941910 |
|
| 852 |
_aES-MaACL _jC-32426 _bR.62971 |
||
| 999 |
_c89978 _d89978 |
||